000 00690nam a22001937a 4500
008 130310t xxu||||| |||| 00| 0 eng d
020 _a9-7814-0575-53
082 _222 ed.
_a344.0105
_bSLA
100 _aSlade DBE,Justice
_97089
245 _aTolley's employment Handbook /
_cJustice Slade DBE
250 _a25 ed.
260 _aUK :
_bLexis Nexis
_c2011
300 _aclxii, 1341 P. ;
_c23 cm.
500 _aIncludes Index
650 _aEmployment law
_96909
650 _aTolley's employment Handbook
_96952
942 _2ddc
_cBK
999 _c5333
_d5333